000 00965nam0a2200301 4500
001 RU\NLR\BIBL_A\011558951
005 20240727053153.0
010 _a9785935672713
_9100
021 _aRU
_b2017-90593
_96478
035 _a(RuMoRGB)009465206
035 _a(NLR Aleph) 011558951
090 _a12271726
_c12271726
100 _a20171215d2017 u y0rusy50 ca
101 0 _arus
102 _aRU
105 _ay z 000ay
200 1 _aБахча
_e(медовые арбузы)
_eпьеса в трёх действиях
_fВячеслав Ремчуков
210 _aВолгоград
_cСтаница-2
_d2017
215 _a55 с.
_d21
517 1 _aмедовые арбузы
686 _aШ5(2=Р)64-644
_2rubbk
686 2 _aШ6(2=Р)8-62
700 1 _aРемчуков
_bВ. Н.
_gВячеслав Николаевич
942 _cBOOK
980 _aNBR